000 00584 a2200193 4500
999 _c4231
_d4231
010 _aENG-86219
020 _a9788120331266
_c150.00
035 _aEN-69752
037 _bDBAD / PUB
082 1 4 _a531
100 1 _aTiwari, R.N.
245 1 _aClassical mechanics :
_cby R.D.Tiwari [and] B.S.Thakur
_banalytical dynamics /
260 _aNew Delhi
_bPrentice-Hall of India
_c2007
270 _aM-97, Connaught Circus
_bNew Delhi
_e110 001
300 _axiv,174p.
_c24cm(pbk)
500 _aIncludes index
700 _aThakur, B.S.
942 _adpl
_cEN
_2ddc
_h531
_mTIW